| 000 | 00000nam 2200000zi 4500 |
| 001 | 9.947287 |
| 003 | CaOODSP |
| 005 | 20250123141235 |
| 006 | m o d f |
| 007 | cr |n||||||||| |
| 008 | 250123s1938 oncade o f000 0 eng d |
| 040 | |aCaOODSP|beng|erda|cCaOODSP |
| 043 | |an-cn--- |
| 086 | 1 |aA52-267/1938E-PDF |
| 086 | 1 |zA51-65E-PDF |
| 100 | 1 |aMoynan, John C., |eauthor. |
| 245 | 10|aDivision of Illustration Stations, progress report 1934 to 1937 : |bpart 1 : Prince Edward Island, Nova Scotia, New Brunswick, Quebec and Ontario / |cJ. C. Moynan. |
| 264 | 1|aOttawa : |bMinister of Agriculture, |c1938 |
| 300 | |a1 online resource (143 pages) : |billustrations, charts, plans |
| 336 | |atext|btxt|2rdacontent |
| 337 | |acomputer|bc|2rdamedia |
| 338 | |aonline resource|bcr|2rdacarrier |
| 500 | |aDigitized edition from print [provided by Agriculture and Agri-Food Canada]. |
| 610 | 15|aCanada. |bDivision of Illustration Stations. |
| 610 | 15|aCanada. |bService des stations de démonstration. |
| 650 | 0|aAgricultural experiment stations|zCanada. |
| 650 | 6|aStations agronomiques|zCanada. |
| 710 | 1 |aCanada. |bDivision of Illustration Stations, |eissuing body. |
| 710 | 2 |aDominion Experimental Farms and Stations (Canada), |eissuing body. |
| 856 | 40|qPDF|s21.90 MB|uhttps://publications.gc.ca/collections/collection_2024/aac-aafc/A51-65-1934-1-eng.pdf |